| 000 | 01290nam a22001337a 4500 | ||
|---|---|---|---|
| 999 |
_c531213 _d531213 |
||
| 008 | 250801b ||||| |||| 00| 0 eng d | ||
| 100 |
_aKrishna, Niyathi R. _955925 |
||
| 245 | _aOccupational safety, health and working conditions (OSH) code, 2020 and interstate women migrants: A gender integrative evaluation | ||
| 260 | _aIndian Journal of Public Administration | ||
| 300 | _a71(2), Jun, 2025: p.406-411 | ||
| 520 | _aThe original forty-four central labour laws in India have been merged into four labour codes: the Code on Wages, 2019 (CoW); the Industrial Relations Code, 2020 (IRC); the Code on Social Security, 2020 (CSS); and the Occupational Safety, Health & Working Conditions Code, 2020 (OSH Code). In this discussion, I highlight the general concerns and specific limitations of these new labour codes, particularly the OSH Code, by examining its applicability to the most vulnerable section of migrants: the interstate seasonal migrant women belonging to marginalised communities. This review aims to highlight the lacunae in the new labour codes, in terms of perspective and enaction, for potential policy modifications.- Reproduced https://journals.sagepub.com/doi/full/10.1177/00195561251338111 | ||
| 773 | _aIndian Journal of Public Administration | ||
| 942 | _cAR | ||